Pintura sobre vidrio /

Guardado en:
Autor Principal: Kuhnemann, Ursula
Formato: Libro
Publicado: Argentina : Kapelusz, 1977
Series:Colección Cómo Hacer
Materias:
Etiquetas: Agregar Etiqueta
Sin Etiquetas, Sea el primero en etiquetar este registro!
LEADER 00548nam a22002055a 4500
001 CEM.cems003647
005 19000101000000.0
008 130507s1977##################000#0#####d
003 CEMS
082 0 4 |a 372.5 
100 1 |a Kuhnemann, Ursula 
245 1 0 |a Pintura sobre vidrio / 
260 |a Argentina :  |b Kapelusz,  |c 1977 
300 |a 54 p. 
490 0 |a Colección Cómo Hacer 
653 |a Educacion 
653 |a Educacion plastica 
653 |a Educacion primaria 
653 |a Vitrales 
859 |a CEMS  |b BIB. CEMS - 11 de abril  |h 372.5  |i K956  |p 8695.81  |t Ej.1